Podział administracyjny Francji - Statystyki

Ogólne statystyki
  • Ten quiz został rozwiązany 4 razy
  • Średni wynik to 11 z 26
Statystyki odpowiedzi
Obrazkowy Odpowiedź % Poprawnych
Bretania
75%
Gwadelupa
75%
Ile-de-France
75%
Korsyka
75%
Majotta
75%
Martynika
75%
Polinezja Francuska
75%
Gujana Francuska
50%
Nowa Kaledonia
50%
Reunion
50%
Saint Martin
50%
Saint Pierre i Miquelon
50%
Wallis i Futuna
50%
Burgundia-Franche-Comté
25%
Grand Est
25%
Hauts-de-France
25%
Kraj Loary
25%
Normandia
25%
Nowa Akwitania
25%
Oksytania
25%
Owernia-Rodan-Alpy
25%
Prowansja-Alpy-Lazurowe Wybrzeże
25%
Region Centralny-Dolina Loary
25%
Saint Barthélemy
25%
Francuskie Terytoria Południowe i Antarktyczne
0%
Wyspa Clippertona
0%
Nie znaleziono quizów pasujących do podanych kryteriów
Rozkład punktacji
Procent ludzi z każdym wynikiem
Percentyl według liczby udzielonych odpowiedzi
Twoja historia wyników
Nie rozwiązałeś tego quizu